Missioni amorose del cavalier d’Eon

Salvato in:
Dettagli Bibliografici
Autore principale: Farnese, Liana
Natura: Libro
Lingua:inglese
Tags: Aggiungi Tag
Nessun Tag, puoi essere il primo ad aggiungerne!!

MARC

LEADER 00000nam a2200000 4500
001 CDOM0000002396
003 mi
005 20250914111647.0
008 250914b |||||||| |||| 00| 0 eng d
040 |c ct 
100 |a Farnese, Liana 
245 1 |a Missioni amorose del cavalier d’Eon 
942 |2 ddc  |c BK 
952 |0 0  |1 0  |2 ddc  |4 0  |7 1  |9 5964  |a MI  |b MI  |d 1987-10-05  |i 600  |l 0  |p CDOM600  |r 2025-07-13 16:28:00  |w 2025-07-13  |x ACQUISTO  |y BK 
999 |c 4764  |d 4764